000 00459nam a2200169Ia 4500
008 151213s9999 xx 000 0 und d
020 _a984-300-002701-8
100 _aEd. Mazharul Hasan Majumder
245 _aThe Principle of Scientific Mgt.
_cEd. Mazharul Hasan Majumder
250 _a1st
260 _aDhaka
_bU G C
_c2009
300 _a7239 p.
650 _aManagement
650 _aManagement
700 _aEd. Mazharul Hasan Majumder
999 _c3847
_d3847